书目信息 |
| 题名: |
功臣悲歌
|
|
| 作者: | 黄朴民 著 | |
| 分册: | ||
| 出版信息: | 北京 中国人民解放军出版社 2000.01 |
|
| 页数: | 208页 | |
| 开本: | 32开 | |
| 丛书名: | ||
| 单 册: | ||
| 中图分类: | D691 | |
| 科图分类: | ||
| 主题词: | 政治--中国 | |
| 电子资源: | ||
| ISBN: | 7-5065-3772-9 | |
| 000 | 00529nam0 2200193 45 | |
| 001 | 0010271191 | |
| 005 | 20001027114555.3 | |
| 010 | @a7-5065-3772-9@d12.50元 | |
| 100 | @a20001027d2000 km y0chiy0120 ea | |
| 101 | 0 | @achi |
| 105 | @a z 000yy | |
| 200 | 1 | @a功臣悲歌@AGong Chen Bei Ge@f黄朴民著@FHuang Pu Min Zhu |
| 210 | @a北京@c中国人民解放军出版社@d2000.01 | |
| 215 | @a208页@d32开 | |
| 606 | 0 | @a政治@x中国 |
| 690 | @aD691@v3 | |
| 701 | 0 | @a黄朴民@4著 |
| 801 | @aCN@bPftUser@c20001027 | |
| 905 | @b193361-365@dD691@eH535@f5 | |
| 功臣悲歌/黄朴民著.-北京:中国人民解放军出版社,2000.01 |
| 208页;32开 |
| ISBN 7-5065-3772-9:12.50元 |
| ● |
| 相关链接 |
|
|
|
正题名:功臣悲歌
索取号:D691/H535
 
预约/预借
| 序号 | 登录号 | 条形码 | 馆藏地/架位号 | 状态 | 备注 |
| 1 | 193361 | 201933612 | 社科库509/422社科库 41排1列5层/ [索取号:D691/H535] | 在馆 | |
| 2 | 193362 | 201933621 | 社科库509/422社科库 41排1列5层/ [索取号:D691/H535] | 在馆 | |
| 3 | 193363 | 201933630 | 社科库509/509社科库 77排1列6层/ [索取号:D691/H535] | 在馆 | |
| 4 | 193364 | 201933649 | 社科库509/509社科库 77排1列6层/ [索取号:D691/H535] | 在馆 | |
| 5 | 193365 | 201933658 | 社科库509/504自科库 42排6列6层/ [索取号:D691/H535] | 在馆 |